| 000 | 01674nam a2200349 a 4500 | ||
|---|---|---|---|
| 001 | BRCA_3299 | ||
| 005 | 20190320204218.0 | ||
| 008 | 190309s1866----enka---###---#000-0#eng-# | ||
| 041 | _aeng | ||
| 044 | _aenk | ||
| 084 |
_a593 _b.W376 _c1866 |
||
| 100 | 1 |
_aCervantes Saavedra, Miguel de _d1547-1616 _9213 |
|
| 245 | 1 | 0 |
_aAdventures of Don Quixote de la Mancha _cTranslated from the Spanish of Miguel de Cervantes Saavedra by Charles Jarvis. |
| 260 |
_aLondres _bFrederick Warne and Co. _c1866 |
||
| 300 |
_a1 v. en 2 partes (xiii, 710 p.) _bil. _c24 cm. |
||
| 500 | _aContenido : Primera parte. Prólogo del autor. Segunda parte. Prólogo del autor | ||
| 500 | _aEdición : With 100 Illustrations by A. B. Houghton, Engraved by the Brothers Dalziel | ||
| 500 | _aTraducción de Jarvis adornada con muchos dibujos de Houghton, grabados por los hermanos Dalziel; para la corrección del texto se tuvo presente la edición de Smirke. La parte tipográfica es muy buena y el papel superior. Encuadernación de gusto con adornos dorados Lúdovik Osterc | ||
| 500 | _aEstado físico : Encuadernación ligeramente maltratada | ||
| 500 | _aQM464 | ||
| 546 | _aTexto en : inglés | ||
| 650 | 1 | 4 |
_aNovela española _yÉpoca clásica, 1500-1700 _9215 |
| 650 | 1 | 4 |
_aLiteratura española _yÉpoca clásica, 1500-1700 _9216 |
| 650 | 1 | 4 |
_aNovela española _ySiglo XVII _9217 |
| 650 | 1 | 4 |
_aDon Quijote (Personaje ficticio) _eNovela _9218 |
| 700 | 1 |
_aJarvis, Charles _d?-1739 _eTraductor _98737 |
|
| 700 | 1 |
_aHoughton, A. B. _eIlustrador _98738 |
|
| 700 | 1 |
_aDalziel _eIlustrador _98739 |
|
| 740 | 0 | _aEl Ingenioso Hidalgo Don Quijote de la Mancha | |
| 902 | _aQFM | ||
| 942 |
_2lcc _cB |
||
| 999 |
_c3035 _d3035 |
||